000 00296nam a2200121 4500
999 _c11561
_d11561
003 OSt
005 20230529190059.0
008 230529b ||||| |||| 00| 0 eng d
020 _a9783822885963
245 _aContemporary European architects vol-iv
260 _aNew York
_bTaschen
942 _2ddc